000 00754nam a2200217Ia 4500
999 _c36008
_d36008
001 1907
003 GE_BSU
005 20221010153118.0
008 181216s2007ru xx |||||||||||||| ||rus||
040 _cGE_BSU
041 _arus
080 _a347.79(470)(075.8) П-12
100 _aПавлов,П.В.
_915199
245 _aФинансовое право.
_bУчебное пособие. для студ. вузов /
_cП.В. Павлов.
264 _aМосква :
_bОмега-Л ( Биб-ка Высшей школы),
_c2007.
300 _a336 с.:
_b19 см.
653 _aФинансовое право.
653 _aფინანსური სამართალი
653 _aსამართალი
942 _cBK
_2udc